Jean Piaget

Uloženo v:
Podrobná bibliografie
Hlavní autor: Nicolas, André (autor)
Médium: Kniha
Jazyk:španělština
Vydáno: Ciudad de México Fondo de Cultura Económica 1979
Edice:Breviarios del Fondo de Cultura Económica
Témata:
Tagy: Přidat tag
Žádné tagy, Buďte první, kdo vytvoří štítek k tomuto záznamu!

MARC

LEADER 00000nam a2200000 a 4500
001 UCY4114
003 CL-VaPUC
005 20220822164356.0
008 950228e19790000MX |||||||||||||||||spa|d
999 |c 232078  |d 232076 
040 |c Pontificia Universidad Católica de Valparaíso 
082 0 4 |a 155.413  |b NIC  |2 21 
100 |a Nicolas, André  |e autor  |9 332545 
245 1 0 |a Jean Piaget 
260 |a Ciudad de México  |b Fondo de Cultura Económica  |c 1979 
300 |a 262 p 
490 0 |a Breviarios del Fondo de Cultura Económica 
583 |a last modification  |c 19950228 00:00:00  |k Rodrigo Vera 
600 |a Piaget, Jean,  |d 1896-1980  |9 719840 
942 |c BK  |2 ddc 
945 |d 19950228 00:00:00  |a mfernand 
952 |0 0  |1 0  |4 0  |6 155_413000000000000_NIC_1979  |7 0  |8 A  |9 236094  |a BIBMAT  |b BIBMAT  |c E_DIDACT  |d 2019-11-15  |i 3059049  |o 155.413 NIC 1979  |p 3059049  |r 2025-01-07  |w 2019-11-15  |y BK  |k MAT 
952 |0 0  |1 0  |4 0  |6 155_413000000000000_NIC_1979  |7 0  |8 P  |9 236095  |a BIBEDU  |b BIBEDU  |c BIBEDU_PB  |d 2019-11-15  |i 1515144  |o 155.413 NIC 1979  |p 1515144  |r 2024-01-25  |w 2019-11-15  |y BK  |k EDU 
952 |0 0  |1 0  |4 0  |6 155_413000000000000_NIC_1979  |7 0  |8 A  |9 236096  |a FDOPOS  |b FDOPOS  |d 2019-11-15  |i 1471759  |o 155.413 NIC 1979  |p 1471759  |r 2025-01-22  |w 2019-11-15  |y BK  |k MLA